000 00382nam a22001697a 4500
003 NUST
020 _a81-219-11141
038 _akhadija
082 _a621.9
_bSHA
100 _aSharma, P.C
245 _aA TextBook Of Production Technology
260 _aNew Delhi :
_bChand & Company,
_c2011.
300 _a830 p. ;
500 _aPaperback.
563 _aPB
942 _cBK
_2ddc
999 _c32801
_d32801